Centro América 1987

Guardado en:
Bibliografiske detaljer
Institution som forfatter: INFORPRESS Centroamericana
Format: Texto
Udgivet: Guatemala: INFORPRESS Centroamerica
Tags: Tilføj Tag
Ingen Tags, Vær først til at tagge denne postø!

MARC

LEADER 00000 a a2200000 04500
001 24093
003
040
090 |a 167800  
110 |a INFORPRESS Centroamericana  
245 |a Centro América 1987  
260 |a Guatemala:   |b INFORPRESS Centroamerica  
300 |a x, 245 p.   |b **no definido**   |b fonodiscos   |b map.  
999 |c 12831  |d 12831